| 000 | 01058nam a22002657a 4500 | ||
|---|---|---|---|
| 001 | BD-DhSAU | ||
| 003 | BD-DhSAU | ||
| 005 | 20241106103952.0 | ||
| 008 | 150420b2005 bg ||||| m||| 00| 0 eng d | ||
| 040 | _aBD-DhSAU | ||
| 082 |
_222 _a338.23 _bF839 |
||
| 100 |
_aHOSSEN, MD. FOYSAL _eRegistration No. # 21010008 |
||
| 245 |
_aAn assessment of income vulnerability of tea garden workers in sylhet district / _bMS thesis |
||
| 260 |
_aSher-e-Bangla Agricultural University: _bDepartment of Agricultural finance and management, _c2023. |
||
| 300 |
_ax, 47p. ; _c30 cm. |
||
| 500 | _aMS thesis of Department of Agricultural finance and management, Faculty of Agribusiness, Sher-e-Bangla Agricultural University, Dhaka, Bangladesh | ||
| 504 | _aIncludes bibliographical reference. | ||
| 590 | _aNazmul | ||
| 650 | _aincome vulnerability | ||
| 651 | _atea garden workers in sylhet district | ||
| 700 |
_aProf. Dr. Md. Sadique Rahman _eSuperviser |
||
| 700 |
_aProf. Taskin Afrina _eCo-superviser |
||
| 942 |
_2ddc _cTHESIS |
||
| 999 |
_c17658 _d17657 |
||